000 00528 a2200205 4500
001 108588
020 _a9788581300146 (broch.)
041 _apor
082 _aP Year 2 028
100 _aAlves, Maria Elisa.
250 _a. ed.
300 _a[10] p.
697 _aLiteratura infantojuvenil brasileira.
856 _u000001/0000019e.jpg
040 _aBR-BrIDEA
_cBR-BrIDEA
090 _aP Year 2 028
_bALV
245 1 0 _aE por que não?
_c Maria Elisa Alves
260 _a[S.l.]
_bGeração Editorial
_c2012
942 _cBK
999 _c108588
_d108588